Introdução geral: os alimentos de origem animal (Registro n. 86615)
[ somente texto ]
| 000 -LÍDER | |
|---|---|
| Campo de controle fixo | 01045nam a22003257a 4500 |
| 001 - NÚMERO DE CONTROLE | |
| Número de controle | BR2023001991 |
| 003 - CÓDIGO MARC DA AGÊNCIA CATALOGADORA | |
| Campo de controle | BR-BrBNA |
| 005 - DATA E HORA DA ÚLTIMA ATUALIZAÇÃO | |
| Campo de controle | 20231031141412.0 |
| 008 - CAMPO DE TAMANHO FIXO | |
| Campo fixo de controle | 231031b bl.||||| |||| 00| 0 por d |
| 040 ## - FONTE DA CATALOGAÇÃO | |
| Agência catalogadora | BR-BrBNA |
| Idioma da catalogação | por |
| 041 ## - CÓDIGO DO IDIOMA | |
| Código do Idioma | por |
| 072 ## - CATEGORIA AGRIS | |
| Código da categoria de assunto/objeto | <a href="Q02 ; Q04 ; S30">Q02 ; Q04 ; S30</a> |
| Código do objeto | 9400 ; 9600 ; 9700 ; 9800 |
| 090 ## - NÚMERO DE CHAMADA | |
| Localização na estante | 9400 BR2023001991 |
| 100 ## - ENTRADA PRINCIPAL - NOME PESSOAL | |
| Nome pessoal | Bressan, Maria Cristina |
| 100 ## - ENTRADA PRINCIPAL - NOME PESSOAL | |
| Nome pessoal | Abreu, Luiz Agnaldo de |
| 100 ## - ENTRADA PRINCIPAL - NOME PESSOAL | |
| Nome pessoal | Lobato, Verônica |
| 100 ## - ENTRADA PRINCIPAL - NOME PESSOAL | |
| Nome pessoal | Perez, Juan Ramos Olalquiaga |
| 110 1# - ENTRADA PRINCIPAL - ENTIDADE | |
| 9 (RLIN) | 10811 |
| Nome da entidade ou lugar | Universidade Federal de Lavras, MG (Brasil). Fundação de Apoio ao Ensino, Pesquisa e Extensão |
| 245 ## - TÍTULO PRINCIPAL | |
| Título principal | Introdução geral: os alimentos de origem animal |
| Subtítulo | Textos Acadêmicos |
| 260 ## - IMPRENTA (PUBLICAÇÃO, DISTRIBUIÇÃO, ETC.) | |
| Lugar de publicação, distribuição, etc. | Lavras, MG (Brasil) |
| Data de publicação, distribuição, etc | 1999 |
| 300 ## - DESCRIÇÃO FÍSICA | |
| Extensão | 65 p. |
| 500 ## - NOTA GERAL | |
| Notas gerais | Includes several bibliographies; 5 illus.; 27 tables |
| 650 ## - ASSUNTO - THESAGRO | |
| Cabeçalho tópico ou nome geográfico | ALIMENTO ANIMAL |
| 650 ## - ASSUNTO - THESAGRO | |
| Cabeçalho tópico ou nome geográfico | PROCESSAMENTO |
| 650 ## - ASSUNTO - THESAGRO | |
| Cabeçalho tópico ou nome geográfico | CONTROLE DE QUALIDADE |
| 650 ## - ASSUNTO - THESAGRO | |
| Cabeçalho tópico ou nome geográfico | COMPOSIÇÃO QUÍMICA |
| 650 ## - ASSUNTO - THESAGRO | |
| Cabeçalho tópico ou nome geográfico | VALOR NUTRITIVO |
| 909 ## - IDENTIFICAÇÃO DO CATALOGADOR | |
| Ano e mês da catalogação (aaaamm) | 202310 |
| Identificação do catalogador | Fernando |
| 942 ## - TIPO ESPECÍFICO | |
| Tipo de material | Livros |
| 952 ## - LOCATION AND ITEM INFORMATION (KOHA) | |
| -- | 2023-10-31 |
| Status de empréstimo | Fonte de classificação | Status de danificação | Não pode ser emprestado | Código da coleção | Localização permanente | Localização atual | Localização na estante | Total Checkouts | Número de chamada | Código de barras | Tipo de material |
|---|---|---|---|---|---|---|---|---|---|---|---|
| Classificação AGRIS | Agrobase | Biblioteca Nacional de Agricultura - Binagri | Biblioteca Nacional de Agricultura - Binagri | Agrobase - Acervo Geral | 9400 BR2023001991 | 2023-436620 | Livros |

BINAGRI